000 00825nam a2200253Ia 4500
003 OSt
005 20221005085729.0
006 a|||||r|||| 00| 0
007 ta
008 221004b |||||||| |||| 00| 0 eng d
020 _a0060588195 (hbk)
_c1495
024 _a89670
037 _b128, 07/11/2007, Prachi Book Distributors
_cTextual
040 _aCRL
_cCRL
_beng
041 _2eng
_aeng
082 _aV4467,1y7N37, P4
100 _aMcallester Matthew
_9614561
245 0 _aBlinded by the sunlight
_b emerging from the prison of Saddam's Iraq
260 _aNew York
_bHaper Collins Publishers U.S.A
_c2004
300 _axvi, 284p.
_ccm.
650 _aHISTORY
942 _hV4467,1y7N37, P4
_cTEXL
_2cc
999 _c994710
_d994710